Islam and the Middle East : the aesthetics of a political inquiry

Bibliographic Details
Main Author: Abul Fadl, Mona
Format: Book
Published: Hernddon,VA,USA : The International Institute of Islamic Thought , 1990
Series:Research monographs:2
Subjects:

MARC

LEADER 00000cam a2200000 7i4500
001 0000002116
002 000002312
005 20000330.0
020 |a 0912463740 
090 0 0 |a 297.11977   |b ABU 
100 1 |a Abul Fadl, Mona 
245 1 0 |a Islam and the Middle East :   |b the aesthetics of a political inquiry   |c Mona Abul Fadl 
260 |a Hernddon,VA,USA :   |b The International Institute of Islamic Thought ,   |c 1990 
300 |a 61p 
490 0 |a Research monographs:2 
650 0 0 |a Islam and politics   |z Middle East 
651 0 |a Middle East   |x Politics and government 
999 |a 028125   |b BUKU   |c PINJAMAN   |e PERPUSTAKAAN KOMUNITI PETALING JAYA